| 000 | 01386nam a2200373 a 4500 | ||
|---|---|---|---|
| 001 | ebr10579306 | ||
| 003 | CaPaEBR | ||
| 006 | m u | ||
| 007 | cr cn||||||||| | ||
| 008 | 900322s1990 ctu sb 001 0 eng d | ||
| 010 | _z 90035207 | ||
| 020 | _z0300047053 (alk. paper) | ||
| 020 | _z0300056699 (pbk.) | ||
| 020 | _z9780300047059 | ||
| 020 | _z9780300153569 (e-book) | ||
| 040 |
_aCaPaEBR _cCaPaEBR |
||
| 035 | _a(OCoLC)48139388 | ||
| 050 | 1 | 4 |
_aHM1281 _b.S36 1990eb |
| 082 | 0 | 4 |
_a303.6/1 _220 |
| 100 | 1 | _aScott, James C. | |
| 245 | 1 | 0 |
_aDomination and the arts of resistance _h[electronic resource] : _bhidden transcripts / _cJames C. Scott. |
| 260 |
_aNew Haven : _bYale University Press, _cc1990. |
||
| 300 | _axviii, 251 p. | ||
| 504 | _aIncludes bibliographical references (p. 229-241) and index. | ||
| 533 |
_aElectronic reproduction. _bPalo Alto, Calif. : _cebrary, _d2011. _nAvailable via World Wide Web. _nAccess may be limited to ebrary affiliated libraries. |
||
| 650 | 0 | _aPassive resistance. | |
| 650 | 0 | _aPower (Social sciences) | |
| 650 | 0 | _aDominance (Psychology) | |
| 650 | 0 | _aInterpersonal relations. | |
| 650 | 0 | _aSocial groups. | |
| 655 | 7 |
_aElectronic books. _2local |
|
| 710 | 2 | _aebrary, Inc. | |
| 856 | 4 | 0 |
_uhttp://site.ebrary.com/lib/rucke/Doc?id=10579306 _zAn electronic book accessible through the World Wide Web; click to view |
| 999 |
_c86438 _d86438 |
||